[Event "ISL-chT 1617"]
[Site "Reykjavik"]
[Date "2016.09.30"]
[Round "2.4"]
[White "Bjornsson, Tomas"]
[Black "Skarphedinsson, Gunnar"]
[Result "1-0"]
[WhiteElo "2163"]
[BlackElo "1893"]
[PlyCount "59"]
[EventDate "2016.09.29"]
[EventType "team-tourn"]
[EventRounds "9"]
[EventCountry "ISL"]
[SourceTitle "EXT 2018"]
[Source "ChessBase"]
[SourceDate "2017.10.13"]
[SourceVersion "1"]
[SourceVersionDate "2017.10.13"]
[SourceQuality "1"]
[WhiteTeam "Fjolnis"]
[BlackTeam "KR CC"]
[WhiteTeamCountry "ISL"]
[BlackTeamCountry "ISL"]

1. e4 e5 2. Nf3 Nc6 3. Bc4 Bc5 4. c3 d6 5. d4 exd4 6. cxd4 Bb4+ 7. Nc3 Nf6 8. Qd3 Bxc3+ 9. bxc3 h6 10. 0-0 0-0 11. Bb3 Re8 12. Nd2 Qe7 13. Bc2 g6 14. Ba3 Qf8 15. f4 Qg7 16. Qf3 Nh5 17. Rab1 Rb8 18. Ba4 Bd7 19. Qf2 Red8 20. d5 Ne7 21. Bxd7 Rxd7 22. Qxa7 Rbd8 23. Bb2 f5 24. c4 Qf7 25. Qd4 Kf8 26. e5 dxe5 27. Qxe5 Nc8 28. Nf3 Nd6 29. Qh8+ Ke7 30. Rfe1+ 1-0